[Event "Solta op 5th"]
[Site "Grohote"]
[Date "2022.07.02"]
[Round "1"]
[White "Krnic, Ivan"]
[Black "Baran, Petar"]
[Result "1-0"]
[WhiteElo "2079"]
[BlackElo "1476"]
[PlyCount "59"]
[EventDate "2022.07.02"]
[EventType "swiss"]
[EventRounds "9"]
[EventCountry "CRO"]
[SourceTitle "EXT 2023"]
[Source "ChessBase"]
[SourceDate "2022.10.05"]
[SourceVersion "1"]
[SourceVersionDate "2022.10.05"]
[SourceQuality "1"]

1. e4 d6 2. d4 e6 3. Nf3 Ne7 4. Bd3 Ng6 5. h4 h6 6. h5 Ne7 7. Bf4 Nd7 8. Nbd2 Nc6 9. c3 Be7 10. Nc4 b5 11. Ne3 a6 12. e5 dxe5 13. dxe5 Bb7 14. Qe2 Nb6 15. Rd1 Qc8 16. Rh3 Bc5 17. Rg3 Rg8 18. Bxh6 Bxe3 19. Qxe3 Nd5 20. Qc5 Na5 21. Rxg7 Rxg7 22. Bxg7 Ne7 23. h6 Bd5 24. h7 Kd7 25. Be4 Qb7 26. h8Q Rxh8 27. Bxh8 Ke8 28. Bf6 c6 29. Ng5 Bxe4 30. Nxe4 1-0

[Event "CRO-chT1B 27th"]
[Site "Biograd"]
[Date "2018.09.15"]
[Round "1.25"]
[White "Krnic, Ivan"]
[Black "Rubil, Marko"]
[Result "0-1"]
[WhiteElo "2116"]
[BlackElo "2201"]
[PlyCount "182"]
[EventDate "2018.09.15"]
[EventType "team-swiss"]
[EventRounds "9"]
[EventCountry "CRO"]
[SourceTitle "CBM 186 Extra"]
[Source "ChessBase"]
[SourceDate "2018.08.24"]
[SourceVersion "1"]
[SourceVersionDate "2018.08.24"]
[SourceQuality "1"]
[WhiteTeam "Split Brda"]
[BlackTeam "Slavonski Brod Dakovic"]
[WhiteTeamCountry "CRO"]
[BlackTeamCountry "CRO"]

1. e4 e5 2. f4 Bc5 3. Nf3 d6 4. c3 Bb6 5. d4 exd4 6. cxd4 Bg4 7. Be2 Nc6 8. Be3 Nf6 9. Nc3 0-0 10. h3 Bd7 11. Bd3 Re8 12. 0-0 Bf5 13. e5 Bxd3 14. Qxd3 dxe5 15. fxe5 Nxe5 16. Nxe5 Rxe5 17. Rad1 Re6 18. Bg5 h6 19. Bxf6 Rxf6 20. Rxf6 Qxf6 21. Nd5 Qe6 22. Qc4 Rd8 23. Nxb6 Qxb6 24. b3 c6 25. Kf2 Qa5 26. b4 Qf5+ 27. Kg1 Qe4 28. Qd3 Qd5 29. a3 Re8 30. Qg3 Re6 31. Rd2 Qe4 32. Kh2 g6 33. Qd3 Qd5 34. Qg3 Kg7 35. Qc7 Qd6+ 36. Qxd6 Rxd6 37. Kg3 f5 38. Kf4 Kf6 39. Ke3 g5 40. Kd3 f4 41. a4 Re6 42. Kc4 Re3 43. b5 Ke6 44. a5 Kd6 45. bxc6 bxc6 46. Rb2 Ra3 47. Kb4 Ra1 48. Rc2 Rb1+ 49. Kc4 Rb5 50. Ra2 a6 51. Kc3 Rf5 52. Kb4 h5 53. Kc4 f3 54. gxf3 Rxf3 55. Rg2 Rf5 56. Ra2 Rf4 57. Rb2 Rf5 58. Ra2 Ke6 59. Re2+ Kd7 60. Ra2 Kd6 61. Ra1 g4 62. hxg4 hxg4 63. Rg1 Rg5 64. Rg3 Ke6 65. Kd3 Kf5 66. Ke3 Rg6 67. Kf2 Rd6 68. Rb3 Rxd4 69. Rb6 Rc4 70. Rxa6 Kf4 71. Ra8 Rc2+ 72. Ke1 Ke3 73. Kd1 Rd2+ 74. Kc1 Ra2 75. Kb1 Ra4 76. a6 g3 77. a7 g2 78. Rg8 Kf3 79. Rf8+ Rf4 80. Rxf4+ Kxf4 81. a8Q g1Q+ 82. Kc2 Qc5+ 83. Kb1 Ke4 84. Qe8+ Kd3 85. Qg6+ Kc3 86. Qc2+ Kb4 87. Qb2+ Ka4 88. Qf6 Qc4 89. Qa1+ Kb4 90. Qa7 Qb3+ 91. Kc1 Qa3+ 0-1

[Event "Split op 8th"]
[Site "Split"]
[Date "2018.08.17"]
[Round "7"]
[White "Krnic, Ivan"]
[Black "Pekin, Tolgay"]
[Result "1/2-1/2"]
[WhiteElo "2126"]
[BlackElo "2070"]
[PlyCount "63"]
[EventDate "2018.08.12"]
[EventType "swiss"]
[EventRounds "9"]
[EventCountry "CRO"]
[SourceTitle "CBM 186 Extra"]
[Source "ChessBase"]
[SourceDate "2018.08.24"]
[SourceVersion "1"]
[SourceVersionDate "2018.08.24"]
[SourceQuality "1"]

1. e4 c5 2. b4 cxb4 3. a3 d5 4. exd5 Qxd5 5. Bb2 e5 6. Nf3 Nc6 7. c4 Qe6 8. Bd3 Bd7 9. 0-0 f6 10. Re1 0-0-0 11. axb4 Bxb4 12. Qb3 Qd6 13. Be4 Nge7 14. Ba3 Bf5 15. c5 Qe6 16. Bxf5 Qxf5 17. Bxb4 e4 18. Nh4 Qg4 19. f3 Qxh4 20. Rxe4 Qg5 21. f4 Qd5 22. Qxd5 Nxd5 23. Bc3 Rhe8 24. Raa4 Kd7 25. Kf2 Rxe4 26. Rxe4 Re8 27. Kf3 Rxe4 28. Kxe4 Nce7 29. g3 Kc6 30. Bd4 b5 31. cxb6 axb6 32. Bb2 1/2-1/2

[Event "CRO Cup"]
[Site "Mali Losinj"]
[Date "2017.05.10"]
[Round "1.7"]
[White "Radikovic, Anamarija"]
[Black "Krnic, Ivan"]
[Result "0-1"]
[WhiteElo "1905"]
[BlackElo "2111"]
[PlyCount "64"]
[EventDate "2017.05.10"]
[EventType "team-swiss"]
[EventRounds "6"]
[EventCountry "CRO"]
[SourceTitle "CBM 178 Extra"]
[Source "ChessBase"]
[SourceDate "2017.06.22"]
[SourceVersion "1"]
[SourceVersionDate "2017.06.22"]
[SourceQuality "1"]
[WhiteTeam "Novo Virje Konaki"]
[BlackTeam "Split Brda"]
[WhiteTeamCountry "CRO"]
[BlackTeamCountry "CRO"]

1. d4 g6 2. e4 Bg7 3. f4 c6 4. Nf3 d5 5. e5 Nh6 6. c4 0-0 7. Nc3 dxc4 8. Bxc4 Bg4 9. Be3 Nf5 10. Bf2 Bxf3 11. gxf3 e6 12. Qd2 Nd7 13. 0-0-0 Nb6 14. Bb3 Nd5 15. Ne4 a5 16. Ng3 a4 17. Bc2 Qe7 18. Be4 Rfc8 19. Nxf5 exf5 20. Bxd5 cxd5+ 21. Kb1 Rc4 22. Rc1 b5 23. Be1 Bf8 24. Rg1 Qb7 25. Bh4 Qb6 26. Rcd1 b4 27. Qd3 Qe6 28. Rd2 Rac8 29. Rdg2 Qc6 30. Qd1 b3 31. axb3 axb3 32. Rd2 Qa4 0-1

[Event "CRO Cup"]
[Site "Mali Losinj"]
[Date "2016.05.06"]
[Round "4.44"]
[White "Bobanac, Miro"]
[Black "Krnic, Ivan"]
[Result "1-0"]
[WhiteElo "2318"]
[BlackElo "2175"]
[PlyCount "91"]
[EventDate "2016.05.04"]
[EventType "team-swiss"]
[EventRounds "6"]
[EventCountry "CRO"]
[SourceTitle "CBM 172 Extra"]
[Source "ChessBase"]
[SourceDate "2016.06.21"]
[SourceVersion "1"]
[SourceVersionDate "2016.06.21"]
[SourceQuality "1"]
[WhiteTeam "Split Mornar"]
[BlackTeam "Split Brda"]
[WhiteTeamCountry "CRO"]
[BlackTeamCountry "CRO"]

1. b3 Nf6 2. Bb2 g6 3. Bxf6 exf6 4. c4 f5 5. Nc3 Bg7 6. g3 0-0 7. Bg2 d6 8. e3 Nd7 9. Nge2 Nf6 10. 0-0 c6 11. d4 Qe7 12. Qc2 Re8 13. Rad1 Ne4 14. Rfe1 Bd7 15. f3 Nxc3 16. Nxc3 Rad8 17. f4 Bc8 18. b4 Qc7 19. Rc1 Be6 20. Qd3 Qb6 21. b5 c5 22. d5 Bc8 23. Re2 Re7 24. Rce1 Rde8 25. Nd1 Qa5 26. Qb3 Bd7 27. h3 Bc8 28. Bf3 Bd7 29. Kg2 Bc8 30. g4 fxg4 31. hxg4 f5 32. gxf5 Bxf5 33. e4 Bc8 34. Nf2 Qd8 35. Bg4 Bxg4 36. Nxg4 Rf7 37. Qg3 Ref8 38. Rf1 h5 39. Nh2 Bh6 40. f5 g5 41. Qh3 h4 42. Ng4 Bg7 43. f6 Bxf6 44. Nh6+ Kg7 45. Nxf7 Rxf7 46. Ref2 1-0

[Event "CRO-CupT final"]
[Site "Sibenik"]
[Date "2015.05.24"]
[Round "6.6"]
[White "Bozinovic, Bogdan"]
[Black "Krnic, Ivan"]
[Result "1/2-1/2"]
[WhiteElo "2209"]
[BlackElo "2195"]
[PlyCount "81"]
[EventDate "2015.05.20"]
[EventType "team-swiss"]
[EventRounds "6"]
[EventCountry "CRO"]
[SourceTitle "CBM 166 Extra"]
[Source "ChessBase"]
[SourceDate "2015.06.18"]
[SourceVersion "1"]
[SourceVersionDate "2015.06.18"]
[SourceQuality "1"]
[WhiteTeam "Sesvete"]
[BlackTeam "Split Brda"]
[WhiteTeamCountry "CRO"]
[BlackTeamCountry "CRO"]

1. d4 g6 2. c4 Bg7 3. e4 c5 4. d5 d6 5. Nc3 Bxc3+ 6. bxc3 Qa5 7. Bd2 Nf6 8. Bd3 Nbd7 9. Nf3 Ng4 10. 0-0 Nde5 11. Nxe5 Nxe5 12. Be2 f6 13. f4 Nf7 14. Qb3 Qc7 15. Rab1 0-0 16. Bd3 Rb8 17. Qd1 Bd7 18. Qe2 a6 19. Be1 Rfc8 20. Bg3 b5 21. Rbe1 bxc4 22. Bxc4 Bb5 23. e5 Qa5 24. Bxb5 axb5 25. Rf3 Ra8 26. exf6 exf6 27. Bh4 Re8 28. Re3 Rxe3 29. Qxe3 Kg7 30. Re2 Ra7 31. h3 h6 32. Qd3 Qa4 33. Bg3 Qc4 34. Qxc4 bxc4 35. f5 gxf5 36. Re6 Rxa2 37. Bxd6 Nxd6 38. Rxd6 Rc2 39. Rc6 Rxc3 40. Rxc5 Rd3 41. Rxc4 1/2-1/2

[Event "Split op 4th"]
[Site "Split"]
[Date "2014.08.20"]
[Round "6"]
[White "Krnic, Ivan"]
[Black "Srbis, Jurica"]
[Result "0-1"]
[WhiteElo "2174"]
[BlackElo "2402"]
[PlyCount "58"]
[EventDate "2014.08.16"]
[EventType "swiss"]
[EventRounds "9"]
[EventCountry "CRO"]
[SourceTitle "CBM 161 Extra"]
[Source "ChessBase"]
[SourceDate "2014.08.29"]
[SourceVersion "1"]
[SourceVersionDate "2014.08.29"]
[SourceQuality "1"]

1. e4 e5 2. Nf3 Nc6 3. d3 Nf6 4. g3 Bc5 5. Bg2 0-0 6. 0-0 d6 7. h3 Ne8 8. c3 Qf6 9. b4 Bb6 10. Qe2 h6 11. Be3 Ne7 12. d4 Ng6 13. Nbd2 a6 14. Nc4 Ba7 15. d5 Bxe3 16. Nxe3 Ne7 17. a4 g6 18. Nh2 Qg7 19. Rac1 Bd7 20. b5 f5 21. f4 exf4 22. Rxf4 axb5 23. axb5 g5 24. Rf2 f4 25. Nef1 Ng6 26. Nf3 fxg3 27. Nxg3 Nf4 28. Qc4 g4 29. hxg4 Qxg4 0-1

[Event "EU-ch 14th"]
[Site "Legnica"]
[Date "2013.05.15"]
[Round "10"]
[White "Krnic, Ivan"]
[Black "Makolli, Perparim"]
[Result "1-0"]
[WhiteElo "2166"]
[BlackElo "2223"]
[PlyCount "81"]
[EventDate "2013.05.05"]
[EventType "swiss"]
[EventRounds "11"]
[EventCountry "POL"]
[SourceTitle "CBM 155"]
[Source "ChessBase"]
[SourceDate "2013.07.16"]
[SourceVersion "1"]
[SourceVersionDate "2013.07.16"]
[SourceQuality "1"]

1. e4 c5 2. Nf3 Nc6 3. Bb5 Qc7 4. 0-0 a6 5. Bxc6 Qxc6 6. d4 cxd4 7. Nxd4 Qc7 8. Nc3 e6 9. Re1 Bc5 10. Be3 Nf6 11. f4 Bb4 12. Qd3 Bxc3 13. bxc3 d5 14. exd5 Nxd5 15. f5 0-0 16. Bd2 e5 17. Nf3 Qc5+ 18. Kh1 f6 19. Rab1 Ne7 20. Nh4 Qc7 21. Rbd1 Rd8 22. Qf3 Bd7 23. Re3 Qc8 24. Rd3 Bc6 25. Rxd8+ Qxd8 26. Qg4 Kh8 27. Be3 Qe8 28. Bc5 Rd8 29. Re1 Nd5 30. Ng6+ Kg8 31. Qh5 Bd7 32. c4 Bxf5 33. Qxf5 hxg6 34. Qe4 Qc6 35. cxd5 Qxc5 36. c4 Qb4 37. Rc1 b5 38. h3 bxc4 39. Rxc4 Qd6 40. Qxg6 Qxd5 41. Rc7 1-0

[Event "CRO-chT1A 21st"]
[Site "Sibenik"]
[Date "2012.09.29"]
[Round "7.56"]
[White "Krnic, Ivan"]
[Black "Jankovic, Alojzije"]
[Result "0-1"]
[WhiteElo "2167"]
[BlackElo "2540"]
[PlyCount "76"]
[EventDate "2012.09.23"]
[EventType "team-tourn"]
[EventRounds "9"]
[EventCountry "CRO"]
[SourceTitle "CBM 150 Extra"]
[Source "ChessBase"]
[SourceDate "2012.10.19"]
[SourceVersion "1"]
[SourceVersionDate "2012.10.19"]
[SourceQuality "1"]
[WhiteTeam "Split Brda"]
[BlackTeam "Zagreb Mladost"]
[WhiteTeamCountry "CRO"]
[BlackTeamCountry "CRO"]

1. e4 c5 2. Nc3 Nc6 3. f4 g6 4. Nf3 Bg7 5. Bb5 Nd4 6. Bc4 e6 7. e5 d5 8. Nxd4 cxd4 9. Bb5+ Bd7 10. Bxd7+ Qxd7 11. Ne2 d3 12. cxd3 Ne7 13. Nd4 g5 14. Qh5 gxf4 15. 0-0 Ng6 16. Nf3 0-0 17. Ng5 h6 18. Nf3 Qb5 19. b3 d4 20. Ba3 Rfc8 21. Bd6 Qxd3 22. g3 Rc6 23. Qg4 fxg3 24. hxg3 Rd8 25. Rf2 Qf5 26. Qxf5 exf5 27. Re1 f4 28. Kg2 fxg3 29. Kxg3 Ra6 30. a4 f6 31. exf6 Bxf6 32. Bc5 Ra5 33. Bb4 Rf5 34. Re4 Kf7 35. Rh2 Ne5 36. Nxe5+ Bxe5+ 37. Rxe5 Rg8+ 38. Kh4 Rxe5 0-1